Normal view
MARC view
Entry Personal Name
001 - CONTROL NUMBER
- control field: 1238165
003 - CONTROL NUMBER IDENTIFIER
- control field: OSt
005 - DATE AND TIME OF LATEST TRANSACTION
- control field: 20260430150653.0
008 - FIXED-LENGTH DATA ELEMENTS
- fixed length control field: 260430|| aca||aabn | a|a d
040 ## - CATALOGING SOURCE
- Original cataloging agency: OSt
- Transcribing agency: OSt
100 ## - HEADING--PERSONAL NAME
- Personal name: Aswal Chandni Au.; Sharma Kavita Gu
670 ## - SOURCE DATA FOUND
- Source citation: Work cat.: (OSt)1850351: Aswal Chandni Au.; Sharma Kavita Gu., Green Purchase Intention and its Related Variables: A Study of Select Green Products, 2024
